[Event "Hampstead U2200 June 2013"]
[Site "Hampstead, UK"]
[Date "2013.06.29"]
[Round "2"]
[White "Atako, Chino"]
[Black "Sagues, Vincent"]
[Result "1/2-1/2"]
[WhiteElo "2090"]
[BlackElo "1939"]
[EventRounds "5"]

1. e4 e6 2. Nf3 d5 3. Nc3 Nf6 4. e5 Nfd7 5. d4 c5 6. dxc5 Bxc5 7. Bd3 Nc6 8.
Bf4 f6 9. exf6 Nxf6 10. O-O O-O 11. Ne5 Bd6 12. Qe2 a6 13. Rae1 Qc7 14. Bg3
Nxe5 15. Bxe5 Bxe5 16. Qxe5 Qxe5 17. Rxe5 Bd7 18. h3 g6 19. Nb1 Ne8 20. Nd2
Nd6 21. Nf3 Nf7 22. Re3 Rfe8 23. Rfe1 Rac8 24. c3 Kg7 25. Ne5 Nxe5 26. Rxe5
Rf8 27. h4 h6 28. g3 Rf6 29. f4 Rc6 30. h5 gxh5 31. Rxh5 Be8 32. Rhe5 Bg6 33.
f5 Bxf5 34. Bxf5 exf5 35. Rxd5 Rf7 36. Rf1 Kg6 37. Rfd1 Re6 38. Kf2 Rfe7 39.
Rd6 Kg5 40. Rxe6 Rxe6 41. Kf3 b5 42. a4 bxa4 43. Rd4 Rb6 44. Rxa4 Rxb2 45.
Rxa6 Rc2 46. Rc6 h5 47. Rc8 Rc1 48. c4 Rc3+ 49. Kg2 Rc2+ 50. Kf3 Rc3+ 51. Kg2
Rc2+ 52. Kh3 Rc3 53. c5 h4 54. Rg8+ Kf6 55. Kxh4 Rxc5 56. Rf8+ Kg6 {#d}
1/2-1/2

[Event "Hampstead U2200 June 2013"]
[Site "Hampstead, UK"]
[Date "2013.06.29"]
[Round "2"]
[White "Landau, Jonathan"]
[Black "Ronka, Erik"]
[Result "0-1"]
[WhiteElo "1922"]
[BlackElo "2117"]
[EventRounds "5"]

1. e4 c6 2. Nc3 d5 3. Qf3 e6 4. d4 Nf6 5. exd5 cxd5 6. Bb5+ Bd7 7. Bxd7+ Nbxd7
8. Nge2 Bd6 9. Bf4 Nb6 10. Nb5 Bxf4 11. Qxf4 O-O 12. Qd6 a6 13. Qxd8 Rfxd8 14.
Na3 Rac8 15. f3 Na4 16. b3 Nc3 17. Nxc3 Rxc3 18. Kd2 Rc6 19. Rhe1 Kf8 20. Re3
Ke7 21. Rc3 Rxc3 22. Kxc3 Kd6 23. Re1 g5 24. Re5 Rg8 25. g4 h5 26. h3 hxg4 27.
hxg4 b5 28. Nb1 Ne4+ 29. fxe4 f6 30. exd5 fxe5 31. dxe6 Kxe6 32. Nd2 Kd5 33.
Kd3 exd4 34. Nf3 Re8 35. Nxd4 b4 36. Nf3 Re4 37. Nxg5 Rxg4 38. Nf3 Rg3 39. Ke3
Rh3 40. Ke2 Rh1 41. Ne1 Kd4 42. Kd2 Rh2+ 43. Kd1 Kc3 44. Nd3 Rd2+ 45. Ke1 Rxc2
46. Nc5 Rxa2 {#R} 0-1

[Event "Hampstead U2200 June 2013"]
[Site "Hampstead, UK"]
[Date "2013.06.29"]
[Round "2"]
[White "McDougall, William M"]
[Black "Dydak, Mateusz"]
[Result "1/2-1/2"]
[WhiteElo "2098"]
[BlackElo "1892"]
[EventRounds "5"]

1. d4 f5 2. Nf3 Nf6 3. g3 g6 4. Bg2 Bg7 5. O-O O-O 6. c4 d6 7. Nc3 Qe8 8. Qc2
a5 9. Re1 Na6 10. e4 Nb4 11. Qd1 fxe4 12. Ng5 Nd3 13. Re3 Ng4 14. Ngxe4 Nxe3
15. Bxe3 Nb4 16. Qd2 c6 17. Re1 Bf5 18. h3 Rd8 19. a3 Na6 20. g4 Bxe4 21. Bxe4
e5 22. d5 Nc5 23. Bxc5 dxc5 24. Qe3 cxd5 25. Bxd5+ Kh8 26. Qxc5 Rb8 27. Qxa5
b6 28. Qa7 Qd8 29. Ne4 Rc8 30. Kg2 Bf6 31. Re2 b5 32. b3 Be7 33. a4 bxa4 34.
bxa4 Qc7 35. Qxc7 Rxc7 36. a5 Bc5 37. Nxc5 Rxc5 38. Ra2 Rc7 39. a6 Ra7 40. Bb7
Rf7 41. Rb2 Rc7 42. Rb4 Kg7 43. Kf3 Rc5 44. Ke4 Kf6 45. h4 Ke7 46. f4 exf4 47.
Kxf4 Ra5 48. Rb6 Rc5 49. Bd5 Kd7 50. Ke5 Kc7 51. Rf6 Ra5 52. Rf7+ Kb6 53. Rb7+
Rxb7 54. axb7 Kc7 55. Kf6 Ra3 56. Kg5 Re3 57. h5 gxh5 58. Kxh5 Rh3+ 59. Kg5
h6+ 60. Kf4 Ra3 61. Bf3 Rc3 62. Bd5 Ra3 {#d} 1/2-1/2

[Event "Hampstead U2200 June 2013"]
[Site "Hampstead, UK"]
[Date "2013.06.29"]
[Round "2"]
[White "Neatherway, A Philip"]
[Black "Warman, Simon M"]
[Result "0-1"]
[WhiteElo "1863"]
[BlackElo "2093"]
[EventRounds "5"]

1. e4 c5 2. Nf3 e6 3. d4 cxd4 4. Nxd4 a6 5. Bd3 Bc5 6. Nb3 Ba7 7. Qg4 Nf6 8.
Qg3 Nc6 9. Nc3 d6 10. Be3 Bxe3 11. Qxe3 b5 12. a4 b4 13. Ne2 d5 14. exd5 Nxd5
15. Qg3 O-O 16. O-O Qf6 17. Nc5 Qxb2 18. Ne4 f5 19. Rab1 Qe5 20. f4 Qc7 21.
Ng5 h6 22. Nf3 Ne3 23. Rfe1 Ng4 24. h3 Qa7+ 25. Kh1 Nf2+ 26. Kh2 Nxd3 27. cxd3
a5 28. Ne5 Nxe5 29. fxe5 Qd7 30. Rbc1 Qxa4 31. Rc7 Bd7 32. Nf4 Rf7 33. Qg6 Re8
34. Nh5 Ref8 35. Nf6+ Rxf6 36. exf6 Rxf6 37. Qg3 b3 38. Qd6 Rf7 39. Rxe6 Bxe6
{#R} 0-1

[Event "Hampstead U2200 June 2013"]
[Site "Hampstead, UK"]
[Date "2013.06.29"]
[Round "2"]
[White "Doci, Stefan"]
[Black "Minguez, Iluminada"]
[Result "1-0"]
[WhiteElo "2059"]
[BlackElo "1860"]
[EventRounds "5"]

1. d4 d5 2. Nf3 Nf6 3. g3 g6 4. Bg2 Bg7 5. O-O O-O 6. b3 Nbd7 7. c4 c6 8. Bb2
Ne4 9. Nfd2 Ndf6 10. f3 Ng5 11. Nc3 Bh3 12. Bxh3 Nxh3+ 13. Kg2 Ng5 14. h4 Ne6
15. e3 Qd6 16. f4 h5 17. Qe2 c5 18. f5 gxf5 19. Rxf5 cxd4 20. Nxd5 Nxd5 21.
cxd5 Nc7 22. Qxh5 Qg6 23. Qf3 Qh6 24. Nc4 b5 25. Bxd4 Bxd4 26. exd4 f6 27. Rh5
Qg6 28. Ne3 Rf7 29. Rc1 Ne8 30. Nf5 Rh7 31. Rxh7 Qxh7 32. d6 Rd8 33. dxe7 Rb8
34. Qg4+ Kh8 35. Qf4 Ra8 36. Qh6 Qxh6 37. Nxh6 Kg7 38. Nf5+ Kf7 39. d5 a5 40.
a3 {#r} 1-0

[Event "Hampstead U2200 June 2013"]
[Site "Hampstead, UK"]
[Date "2013.06.29"]
[Round "2"]
[White "Pinzhenin, Alexsei"]
[Black "Dickson, George"]
[Result "1/2-1/2"]
[WhiteElo "1828"]
[BlackElo "2054"]
[EventRounds "5"]

1. d4 Nf6 2. c4 g6 3. Nc3 d5 4. cxd5 Nxd5 5. e4 Nxc3 6. bxc3 Bg7 7. Bc4 c5 8.
Ne2 O-O 9. O-O cxd4 10. cxd4 Nc6 11. Be3 Bg4 12. f3 Na5 13. Rc1 Nxc4 14. Rxc4
Bd7 15. Qb1 a6 16. Nc3 Rc8 17. Rxc8 Bxc8 18. Rd1 b5 19. Qb4 e6 20. a4 Bd7 21.
axb5 axb5 22. Rb1 Qc8 23. Nxb5 Bxb5 24. Qxb5 Qc3 25. Rb3 Qa1+ 26. Rb1 Qc3 27.
Rb3 {#d} 1/2-1/2

[Event "Hampstead U2200 June 2013"]
[Site "Hampstead, UK"]
[Date "2013.06.29"]
[Round "2"]
[White "Duncan, Patrick CM"]
[Black "Hernandez Castro, Julio"]
[Result "1-0"]
[WhiteElo "2048"]
[BlackElo "1836"]
[EventRounds "5"]

1. b3 Nf6 2. Bb2 Nc6 3. Nf3 d5 4. e3 Bg4 5. Bxf6 gxf6 6. d4 e5 7. Be2 Qd6 8.
c3 Rg8 9. g3 Bh3 10. a4 O-O-O 11. a5 exd4 12. Nxd4 Kb8 13. Na3 Nxd4 14. Qxd4
Qe5 15. b4 Qxd4 16. exd4 Re8 17. Kd2 Bh6+ 18. f4 Bxf4+ 19. gxf4 Rg2 20. Rae1
Bg4 21. Rhg1 Rgxe2+ 22. Rxe2 Rxe2+ 23. Kd3 Rxh2 24. Rxg4 c6 25. Rg7 h5 26.
Rxf7 h4 27. Rxf6 Rh3+ 28. Kc2 Rh2+ 29. Kb3 Rh1 30. Rh6 Kc7 31. Rh7+ Kc8 32.
Nc2 h3 33. Kb2 Rf1 34. Rxh3 Rxf4 35. Rh7 Rf2 36. Kb3 Rf1 37. Ne3 Rb1+ 38. Kc2
Re1 39. Nf5 Re2+ 40. Kb3 Re6 41. a6 bxa6 42. Rxa7 Kb8 43. Rxa6 Kb7 44. Ra5 Kb6
45. Ra1 Rf6 46. Rf1 Rg6 47. Nh4 Rg4 48. Nf3 Rf4 49. Nd2 Rg4 50. Rf6 Rg1 51.
Nf3 Rf1 52. Ne5 Rxf6 53. Nd7+ {#r} 1-0

[Event "Hampstead U2200 June 2013"]
[Site "Hampstead, UK"]
[Date "2013.06.29"]
[Round "2"]
[White "du Buf, Paul"]
[Black "Dwarakanathan, Srinidhi"]
[Result "1-0"]
[WhiteElo "2034"]
[BlackElo "1218"]
[EventRounds "5"]

1. e4 e5 2. d4 exd4 3. c3 dxc3 4. Nxc3 Nf6 5. e5 Ne4 6. Nxe4 Nc6 7. Nf3 Be7 8.
Bd3 O-O 9. O-O d5 10. exd6 cxd6 11. Nfg5 d5 12. Nf6+ Bxf6 13. Bxh7+ Kh8 14.
Qh5 Bxg5 15. Bxg5 Qxg5 16. Qxg5 Kxh7 17. Rad1 d4 18. Rd3 g6 19. h4 b6 20. h5
Ba6 21. hxg6+ fxg6 22. Rh3+ Kg7 23. Qh6+ Kf7 24. Rf3+ Ke7 25. Re1+ Kd7 26.
Rxf8 Rxf8 27. Qxf8 Kc7 28. b4 Kb7 29. Qf7+ Kc8 30. Re8+ Nd8 31. Qe7 d3 32.
Rxd8# 1-0

[Event "Hampstead U2200 June 2013"]
[Site "Hampstead, UK"]
[Date "2013.06.29"]
[Round "2"]
[White "Zhou, Yang Jian"]
[Black "Tasker, Michael W"]
[Result "0-1"]
[WhiteElo "1667"]
[BlackElo "2084"]
[EventRounds "5"]

1. c4 g6 2. Nc3 Bg7 3. g3 c5 4. Bg2 Nc6 5. e4 d6 6. Nge2 a6 7. O-O Rb8 8. d3
b5 9. Rb1 e6 10. a3 b4 11. axb4 Rxb4 12. Bd2 Nge7 13. Na4 Rb8 14. Bc3 Bxc3 15.
Naxc3 O-O 16. Qd2 e5 17. f4 f5 18. fxe5 Nxe5 19. Nf4 N7c6 20. Nfd5 Nd4 21. Rf4
fxe4 22. Rxf8+ Qxf8 23. Bxe4 Ndf3+ {#R} 0-1

[Event "Hampstead U2200 June 2013"]
[Site "Hampstead, UK"]
[Date "2013.06.29"]
[Round "2"]
[White "Cavendish, Joshua Z"]
[Black "Hall, Anthony"]
[Result "1/2-1/2"]
[WhiteElo "1666"]
[BlackElo "2037"]
[EventRounds "5"]

1. e4 d6 2. Nc3 Nf6 3. Bc4 g6 4. f4 Bg7 5. Nf3 O-O 6. O-O c6 7. d3 d5 8. Bb3
Na6 9. e5 Ne8 10. d4 e6 11. Ne2 c5 12. c3 b6 13. h4 Bb7 14. h5 Rc8 15. Ng5 Qe7
16. Bc2 f6 17. exf6 Qxf6 18. Ng3 Nd6 19. Qg4 Nf5 20. hxg6 Qxg6 21. Qh5 Qxh5
22. Nxh5 Rce8 23. g4 h6 24. gxf5 hxg5 25. Nxg7 Kxg7 26. fxg5 exf5 27. Rxf5
Rxf5 28. Bxf5 Rf8 29. Bg4 Bc8 30. Bxc8 Rxc8 31. Bf4 cxd4 32. Be5+ Kg6 33. Bxd4
Kxg5 34. Re1 Nc7 35. Re7 Kf5 36. Kf2 Ne6 37. Ke3 Rc7 38. Rxc7 Nxc7 39. Kd3 Ke6
40. Bf2 Kd7 41. a4 Kc6 42. Kd4 {#d} 1/2-1/2

[Event "Hampstead U2200 June 2013"]
[Site "Hampstead, UK"]
[Date "2013.06.29"]
[Round "2"]
[White "Haddock, Paul"]
[Black "Bedi, Adam"]
[Result "0-1"]
[WhiteElo "1684"]
[BlackElo "2026"]
[EventRounds "5"]

1. e4 c5 2. Nf3 d6 3. d4 cxd4 4. Nxd4 Nf6 5. Nc3 a6 6. Bc4 e6 7. Bb3 Be7 8.
O-O O-O 9. f4 b5 10. a3 Bb7 11. Qf3 Nc6 12. Be3 Na5 13. Rae1 Rc8 14. Bxe6 Rxc3
15. bxc3 Nxe4 16. Qg4 Nf6 17. Qh3 Qc7 18. Bd2 Ne4 19. Bf5 Nf6 20. Bd3 d5 21.
Nf5 Bxa3 22. Qg3 g6 23. Nh6+ Kg7 24. f5 Bd6 25. Qh4 Nc4 26. Bc1 a5 27. fxg6
fxg6 28. Re6 Qb6+ 29. Kh1 Qd8 30. Bg5 Be7 31. Ng4 Nxg4 32. Bh6+ Nxh6 33. Rxf8
Bxh4 34. Rxd8 Bxd8 35. Re8 Nf7 36. Bxc4 bxc4 37. Re6 a4 38. Kg1 a3 39. Re1 Nd6
40. Ra1 Bb6+ 41. Kf1 Bc5 {#R} 0-1

[Event "Hampstead U2200 June 2013"]
[Site "Hampstead, UK"]
[Date "2013.06.29"]
[Round "2"]
[White "Psaila, Clarence"]
[Black "Walker, Adrian"]
[Result "1-0"]
[WhiteElo "2016"]
[BlackElo "1643"]
[EventRounds "5"]

1. e4 e5 2. Nf3 Nc6 3. Bc4 Nf6 4. d3 Be7 5. O-O O-O 6. Re1 d6 7. h3 Na5 8. Bb5
a6 9. Ba4 b5 10. Bb3 Nxb3 11. axb3 Ne8 12. Nc3 c6 13. Ne2 f5 14. exf5 Bxf5 15.
Ng3 Qd7 16. Nxf5 Qxf5 17. Qe2 Nf6 18. Bd2 Rae8 19. Rxa6 c5 20. Ra7 Bd8 21. Rb7
e4 22. dxe4 Nxe4 23. Bc3 Bf6 24. Qxb5 Bxc3 25. bxc3 Nf6 26. Rxe8 Nxe8 27. Qd3
Qf6 28. Rd7 Qe6 29. Qxh7+ Kxh7 30. Ng5+ Kg6 31. Nxe6 Rf6 32. Re7 Kf5 33. Rxe8
Rxe6 34. Rxe6 {#r} 1-0

[Event "Hampstead U2200 June 2013"]
[Site "Hampstead, UK"]
[Date "2013.06.29"]
[Round "2"]
[White "Horlock, Peter J"]
[Black "Rosenbaum, Daniel A"]
[Result "1-0"]
[WhiteElo "1657"]
[BlackElo "1730"]
[EventRounds "5"]

1. e4 e6 2. d4 d5 3. Nd2 dxe4 4. Nxe4 Bd7 5. Nf3 Bc6 6. Bd3 Bxe4 7. Bxe4 c6 8.
c3 Nd7 9. O-O Ngf6 10. Bc2 Be7 11. Qd3 h6 12. b3 Qc7 13. a4 O-O-O 14. b4 e5
15. dxe5 Ng4 16. Bf4 g6 17. Qe4 h5 18. e6 Ndf6 19. Bxc7 Nxe4 20. Bxd8 {#r} 1-0

[Event "Hampstead U2200 June 2013"]
[Site "Hampstead, UK"]
[Date "2013.06.29"]
[Round "2"]
[White "Millward, David J"]
[Black "Klingher, Dominic"]
[Result "1/2-1/2"]
[WhiteElo "1998"]
[BlackElo "1642"]
[EventRounds "5"]

1. e4 e6 2. d4 d5 3. Nd2 c5 4. exd5 Qxd5 5. Ngf3 cxd4 6. Bc4 Qd6 7. O-O Nf6 8.
Nb3 a6 9. a4 Qc7 10. Qxd4 Bd6 11. Rd1 Be7 12. Bf4 Qd7 13. Qe3 Qc6 14. Rd4 O-O
15. Ne5 Qb6 16. Rad1 Nc6 17. Nxc6 bxc6 18. Qe2 Bb7 19. a5 Qa7 20. Bc7 Rac8 21.
Bb6 Qa8 22. Bc5 Bxc5 23. Nxc5 Rb8 24. c3 h6 25. b4 Rfe8 26. Bxa6 Bxa6 27. Nxa6
Rbc8 28. Nc5 Nd5 29. Qb2 Rb8 30. Qc2 e5 31. R4d2 Rbd8 32. Qd3 Qa7 33. Qf3 Qe7
34. Na4 e4 35. Qe2 Nf4 36. Qe3 Rxd2 37. Rxd2 Qf6 38. Rd4 Qh4 39. g3 Nh3+ 40.
Kg2 Qg4 41. Nc5 f5 42. Nd3 Ng5 43. Nf4 Qf3+ 44. Qxf3 exf3+ 45. Kf1 Ne4 46. Rd3
Kf8 47. h4 g5 48. Nh3 g4 49. Nf4 c5 50. b5 c4 51. Rd7 Kg8 52. Nd5 Nd2+ {#d}
1/2-1/2

[Event "Hampstead U2200 June 2013"]
[Site "Hampstead, UK"]
[Date "2013.06.29"]
[Round "2"]
[White "Richards, John"]
[Black "Torrance, John"]
[Result "1-0"]
[WhiteElo "1813"]
[BlackElo "1650"]
[EventRounds "5"]

1. e4 e6 2. d4 c5 3. d5 exd5 4. exd5 d6 5. c4 g6 6. Nc3 Bg7 7. Nf3 Ne7 8. Bd3
O-O 9. O-O Bg4 10. Bf4 a6 11. Re1 Qc7 12. h3 Bxf3 13. Qxf3 Nc8 14. Re2 Nd7 15.
Rae1 Ne5 16. Qg3 Re8 17. Bd2 Ne7 18. f4 Nxd3 19. Qxd3 Qd7 20. g4 b5 21. cxb5
axb5 22. Qxb5 Bd4+ 23. Kg2 Qa7 24. Qc4 Kf8 25. Nb5 Qb6 26. Nxd4 cxd4 27. f5
Ng8 28. Rxe8+ Rxe8 29. Rxe8+ Kxe8 30. Qc8+ Ke7 31. b3 Nf6 32. Bg5 Qc5 33.
Bxf6+ Kxf6 34. Qc6 Qb4 35. Qc2 Qe1 36. fxg6 Qe5 37. Qf2+ Kxg6 38. Qf5+ Qxf5
39. gxf5+ Kxf5 40. Kf3 Ke5 41. a4 Kxd5 42. b4 Kc6 43. Ke4 d5+ 44. Kxd4 f5 45.
Ke5 f4 46. Kxf4 Kd6 47. Ke3 Ke5 48. a5 Kd6 49. a6 Kc6 50. Kd4 Kb6 51. b5 {#r}
1-0

[Event "Hampstead U2200 June 2013"]
[Site "Hampstead, UK"]
[Date "2013.06.29"]
[Round "2"]
[White "Ritchie, Paul"]
[Black "Sharkey, Brian"]
[Result "0-1"]
[WhiteElo "1586"]
[BlackElo "1810"]
[EventRounds "5"]

1. d4 Nf6 2. c4 g6 3. Nc3 Bg7 4. e4 d6 5. h3 O-O 6. Bg5 c5 7. d5 Qa5 8. Qd2
Re8 9. Be2 e6 10. Nf3 exd5 11. cxd5 Nbd7 12. O-O a6 13. Qf4 Qc7 14. Nd2 b5 15.
Bh6 Bb7 16. Bxg7 Kxg7 17. Bd3 Nh5 18. Qe3 b4 19. Ne2 Bxd5 20. Bc4 Bxc4 21.
Nxc4 Nhf6 22. f3 d5 23. Nd2 Qc6 24. Rac1 dxe4 25. fxe4 Nxe4 26. Qf3 Ne5 27.
Qxe4 Qxe4 28. Nxe4 Nd3 29. Rc4 Nxb2 30. Rc2 Rxe4 31. Rxb2 a5 32. Rf4 Rxf4 33.
Nxf4 c4 34. Kf2 c3 35. Rc2 Rd8 36. Ke2 Kf6 37. Nd3 Rd5 38. Nc1 Ke5 39. a3 Rd2+
40. Rxd2 cxd2 41. Kxd2 bxa3 42. Ke3 f5 43. g3 g5 44. Nd3+ Kd5 45. Nc1 Kc4 46.
Kd2 f4 47. gxf4 gxf4 48. h4 f3 49. h5 f2 50. Ke2 Kc3 51. Kxf2 Kc2 52. Na2 Kb2
{#R} 0-1

[Event "Hampstead U2200 June 2013"]
[Site "Hampstead, UK"]
[Date "2013.06.29"]
[Round "2"]
[White "Parry, Jacques"]
[Black "Weaver, Lauren"]
[Result "1-0"]
[WhiteElo "1762"]
[BlackElo "1518"]
[EventRounds "5"]

1. Nf3 d5 2. d4 Bf5 3. c4 Nf6 4. cxd5 Nxd5 5. e3 e6 6. a3 Bd6 7. Bd3 Bg4 8.
Qb3 Nb6 9. Nbd2 N8d7 10. O-O e5 11. dxe5 Nxe5 12. Nxe5 Bxe5 13. Qb5+ Nd7 14.
Qxb7 Nc5 15. Bb5+ Bd7 16. Bxd7+ Nxd7 17. Rb1 O-O 18. Nf3 Bd6 19. b4 a5 20. Rd1
axb4 21. axb4 Rb8 22. Qc6 Rb6 23. Qa4 Re8 24. Ba3 Re4 25. Rd4 Nf6 26. b5 h6
27. Rxe4 Nxe4 28. Qxe4 Bxa3 29. Nd4 Bc5 30. h3 Rd6 31. Rd1 Re6 32. Qc2 Bxd4
33. Rxd4 Qg5 34. Qd3 Rg6 35. Rg4 Qf6 36. Rxg6 fxg6 37. Qc4+ Kh7 38. Qxc7 Qa1+
39. Kh2 Qf1 40. b6 Qxf2 41. b7 Qxe3 42. b8=Q Qe6 43. Qcc8 Qxc8 44. Qxc8 h5 45.
Kg3 g5 46. h4 g4 47. Kf4 g5+ 48. Kxg5 g3 49. Qd7+ Kg8 50. Kg6 Kf8 51. Qf7# 1-0

[Event "Hampstead U2200 June 2013"]
[Site "Hampstead, UK"]
[Date "2013.06.29"]
[Round "2"]
[White "Hung, Dylan"]
[Black "Liang, Jake Z"]
[Result "0-1"]
[WhiteElo "1490"]
[BlackElo "1754"]
[EventRounds "5"]

1. c4 g6 2. Nc3 Bg7 3. g3 d6 4. Bg2 e5 5. e3 Ne7 6. Nge2 O-O 7. O-O c6 8. d4
Qc7 9. Rb1 a5 10. a3 Be6 11. d5 cxd5 12. cxd5 Bg4 13. h3 Bxe2 14. Qxe2 Nd7 15.
Bd2 Nb6 16. e4 f5 17. Rfc1 Qd7 18. Nb5 Rfc8 19. Bf1 Na4 20. Qe1 Qd8 21. Be3
fxe4 22. b3 Nb6 23. Bxb6 Qxb6 24. Qxe4 Rc5 25. Bc4 Rxb5 26. Bxb5 Qxb5 27. Rd1
Rc8 28. b4 a4 29. Rbc1 Qd7 30. Rxc8+ Qxc8 31. b5 Qxh3 32. Qxa4 Qc8 33. Qb4 Qd7
34. Qb3 Nf5 35. b6 Nd4 36. Qb4 Qh3 37. Rxd4 exd4 38. Qxd6 d3 39. Qb8+ Bf8 40.
Qf4 Qf5 41. Qd4 Bxa3 42. Qc4 d2 43. Qe2 Qxd5 44. Qe8+ Bf8 {#R} 0-1

[Event "Hampstead U2200 June 2013"]
[Site "Hampstead, UK"]
[Date "2013.06.29"]
[Round "2"]
[White "Kalavannan, Koby"]
[Black "Humphries, Zak"]
[Result "1-0"]
[WhiteElo "1749"]
[BlackElo "1450"]
[EventRounds "5"]

1. e4 e6 2. d4 d5 3. Nc3 Nf6 4. Bd3 b6 5. Bg5 Be7 6. e5 Nfd7 7. Bxe7 Qxe7 8.
Nb5 c5 9. Nc7+ Kd8 10. Nxa8 cxd4 11. Nf3 Nc6 12. O-O Ndxe5 13. Nxe5 Nxe5 14.
Bb5 Bb7 15. Qxd4 Qg5 16. f4 {#r} 1-0

[Event "Hampstead U2200 June 2013"]
[Site "Hampstead, UK"]
[Date "2013.06.29"]
[Round "2"]
[White "Sheera, Sophia"]
[Black "Mitchell, Bob"]
[Result "0-1"]
[WhiteElo "1338"]
[BlackElo "1707"]
[EventRounds "5"]

1. e4 d6 2. d4 Nf6 3. Nc3 c6 4. Bf4 a6 5. Nf3 Bg4 6. Be2 e6 7. h3 Bxf3 8. Bxf3
d5 9. Bg5 Be7 10. Bxf6 Bxf6 11. O-O O-O 12. Re1 Qb6 13. e5 Be7 14. b3 Bb4 15.
Re3 Qc7 16. Ne2 Rc8 17. c3 Bf8 18. Rc1 b5 19. c4 Qb7 20. Nf4 g6 21. Rec3 Bb4
22. Re3 Ba3 23. Rc2 Nd7 24. Qd2 Bf8 25. Be2 Bh6 26. Rf3 Nb6 27. Qd1 dxc4 28.
bxc4 bxc4 29. Bxc4 Bxf4 30. Rxf4 Nd5 31. Bxd5 cxd5 32. Rd2 Rc4 33. Qf3 Rac8
34. Rd3 Rc1+ 35. Kh2 R1c2 36. Rb3 Qe7 37. Ra3 Ra8 38. Qd3 Rc4 39. Qe3 a5 40.
Rg4 a4 41. Rd3 Kg7 42. a3 Rac8 43. f4 Qd7 44. Rh4 Qe7 45. Kg3 Rh8 46. Rd2 h5
47. Rb2 Qc7 48. Qd2 Rc3+ 49. Kh2 Rxa3 50. Qb4 Qc3 51. Qxc3 Rxc3 52. Ra2 Ra8
53. g4 hxg4 54. Rxg4 Rc4 55. Rg3 Rxd4 56. Rf3 Re4 57. Kg3 f5 58. Rd3 Ra6 59.
Rc3 Rc4 60. Rf3 d4 61. Rd3 Rc3 62. Rxc3 dxc3 63. Kf3 Rc6 64. Ke2 c2 65. Rxa4
c1=Q 66. Ra7+ Kh6 67. h4 Rc2+ 68. Kf3 Qh1+ 69. Ke3 Qe4# 0-1

[Event "Hampstead U2200 June 2013"]
[Site "Hampstead, UK"]
[Date "2013.06.29"]
[Round "2"]
[White "Brozel, Sacha"]
[Black "Lovell, William"]
[Result "1-0"]
[WhiteElo "1706"]
[BlackElo "1322"]
[EventRounds "5"]

1. d4 f5 2. c4 g6 3. g3 Bg7 4. Bg2 Nf6 5. Nc3 d6 6. e3 c6 7. Nge2 Qc7 8. O-O
O-O 9. Nf4 e5 10. dxe5 dxe5 11. Nfe2 Be6 12. b3 Na6 13. Ba3 Rfe8 14. Qc2 Rac8
15. Rad1 b5 16. Bd6 Qb6 17. c5 Nxc5 18. Bxe5 Bxb3 19. axb3 Rxe5 20. b4 Nce4
21. Nxe4 Nxe4 22. Rd7 Ree8 23. Qb3+ Kh8 24. Qf7 Rg8 25. Rb7 Qd8 26. Rxa7 Nd6
27. Qd7 Qxd7 28. Rxd7 Rgd8 29. Rxd8+ Rxd8 30. Bxc6 Rc8 31. Bd5 Rc2 32. Bf3 Rb2
33. Rd1 Bf8 34. Rd4 Nc4 35. Nf4 Nd2 36. Kg2 Nxf3 37. Kxf3 Rxb4 38. Rd8 Kg7 39.
Ne6+ Kf6 40. Nxf8 h5 41. Rd4 Ra4 42. Nd7+ Ke6 43. Nc5+ Ke5 44. Nxa4 bxa4 45.
Rxa4 g5 46. Ra5+ Kf6 47. h4 gxh4 48. gxh4 Ke6 49. Kf4 Kf6 50. Rxf5+ Kg6 51. e4
Kh6 52. e5 Kh7 53. e6 Kh6 54. e7 Kg7 55. e8=Q Kh7 56. Qf7+ Kh6 57. Rxh5# 1-0

[Event "Hampstead U2200 June 2013"]
[Site "Hampstead, UK"]
[Date "2013.06.29"]
[Round "2"]
[White "Gergelova, Monika"]
[Black "Miu, Marinel"]
[Result "0-1"]
[WhiteElo "1297"]
[BlackElo "1700"]
[EventRounds "5"]

1. e4 d5 2. exd5 Qxd5 3. d4 Nf6 4. Nc3 Qd8 5. Bc4 Bf5 6. Nf3 e6 7. Bf4 c6 8.
Bd3 Bg4 9. h3 Bh5 10. a3 a5 11. O-O Be7 12. Ne4 Nxe4 13. Bxe4 Nd7 14. c3 Nf6
15. Bd3 Qd5 16. Be2 O-O 17. Ne5 Bg6 18. c4 Qd8 19. h4 Nd7 20. Nxd7 Qxd7 21. h5
Be4 22. Bf3 Bxf3 23. Qxf3 Qxd4 24. b3 Bf6 25. h6 Qc3 26. Qh3 Qxh3 27. gxh3
Bxa1 28. Rxa1 Rfd8 29. hxg7 Kxg7 30. Kh2 f6 31. Rg1+ Kf7 32. h4 Rg8 33. Rd1
Rad8 34. Bd6 c5 35. b4 b6 36. Rd3 axb4 37. axb4 cxb4 38. Rb3 Rxd6 39. Rxb4 Rc6
40. Kh3 Rgc8 41. Ra4 Rxc4 {#R} 0-1

[Event "Hampstead U2200 June 2013"]
[Site "Hampstead, UK"]
[Date "2013.06.29"]
[Round "2"]
[White "Burgoyne, Peter"]
[Black "Tomy, Jeff"]
[Result "1-0"]
[WhiteElo "1689"]
[BlackElo "1170"]
[EventRounds "5"]

1. e4 d6 2. d4 Nf6 3. Bd3 g6 4. Ne2 Bg7 5. O-O O-O 6. h3 Nbd7 7. Be3 e5 8. c3
exd4 9. cxd4 c5 10. Nbc3 Ne8 11. Bc4 a6 12. a4 a5 13. Qd2 Qb6 14. Nd5 Qd8 15.
Bg5 Nef6 16. Nec3 Nb6 17. Nxb6 Qxb6 18. Nd5 Nxd5 19. Bxd5 cxd4 20. Kh1 d3 21.
Qxd3 Qxb2 22. Be7 Re8 23. Bxd6 Qd4 24. Qxd4 Bxd4 25. Rab1 Ra7 26. Rfd1 Ra6 27.
Rxd4 Rxd6 28. Bxf7+ Kxf7 29. Rxd6 Rxe4 30. Rc1 Bf5 31. Rc7+ Ke8 32. Rb6 Rxa4
33. Rbxb7 Ra1+ 34. Kh2 Rd1 35. Rxh7 Rd8 36. Rh8# 1-0

[Event "Hampstead U2200 June 2013"]
[Site "Hampstead, UK"]
[Date "2013.06.29"]
[Round "2"]
[White "Byrne, Ken J"]
[Black "Ngulube, Michael"]
[Result "0-1"]
[WhiteElo "1194"]
[BlackElo "1685"]
[EventRounds "5"]

1. c4 c5 2. g3 g6 3. Nc3 Nc6 4. Bg2 Bg7 5. Nf3 Nf6 6. e3 O-O 7. d4 cxd4 8.
Nxd4 Nxd4 9. exd4 Qc7 10. b3 a6 11. Bf4 d6 12. O-O Nh5 13. Nd5 Qd8 14. Qd2 e6
15. Bh6 exd5 16. Bxd5 Bxh6 17. Qxh6 Nf6 18. Qg5 Kg7 19. Bg2 h6 20. Qd2 Rb8 21.
d5 b5 22. Qd4 Bf5 23. h3 h5 24. Rac1 Qa5 25. cxb5 Rxb5 26. Rc6 Rd8 27. Rfc1
Qxa2 28. Rc8 Rxc8 29. Rxc8 Bxc8 30. Bf1 Rxd5 31. Qc4 Be6 32. Qc6 Ne4 33. Qb6
Rd2 34. Qe3 Nxf2 35. Qc3+ Kh7 36. g4 hxg4 37. hxg4 Bxg4 38. Qg3 Be6 39. Qh4+
Kg7 40. Qb4 Nh3+ 41. Bxh3 Bxh3 42. Qc3+ Kg8 43. Qxh3 Rd1+ 44. Qf1 Rxf1+ 45.
Kxf1 {#R} 0-1

[Event "Hampstead U2200 June 2013"]
[Site "Hampstead, UK"]
[Date "2013.06.29"]
[Round "3"]
[White "Ruperez, Miguel Angel"]
[Black "Warman, Simon M"]
[Result "1/2-1/2"]
[WhiteElo "2187"]
[BlackElo "2093"]
[EventRounds "5"]

1. d4 c5 2. d5 d6 3. c4 Nf6 4. Nc3 g6 5. g3 Bg7 6. Bg2 O-O 7. Nf3 e6 8. O-O
exd5 9. cxd5 Na6 10. Nd2 Nc7 11. a4 b6 12. Nc4 Ba6 13. Qb3 Qd7 14. h3 Rfe8 15.
Re1 Bxc4 16. Qxc4 a6 17. e4 b5 18. Qf1 b4 19. Nb1 Re7 20. Nd2 Rae8 21. Rd1 a5
22. Ra2 Qd8 23. b3 Na8 24. Bb2 Nb6 25. Bxf6 Bxf6 26. Nc4 Nxc4 27. Qxc4 Qb6 28.
Re2 Bd4 29. Kh2 Ra7 30. f4 Qa6 31. Qxa6 Rxa6 32. Bf1 Ra7 33. Kg2 Rae7 34. Kf3
f5 35. e5 dxe5 36. fxe5 Rxe5 37. Rde1 Kf7 38. Rxe5 Bxe5 39. Bb5 Re7 40. d6
Bxd6 41. Rxe7+ Kxe7 42. Bc4 Kf6 43. Bg8 Ke5 44. Bc4 Kd4 45. Bg8 {#d} 1/2-1/2